La gran vida /
محفوظ في:
| المؤلف الرئيسي: | |
|---|---|
| التنسيق: | كتاب |
| اللغة: | الإسبانية |
| منشور في: |
Logroño, España :
Fulgencio Pimentel,
2019, c2019
|
| سلاسل: | (La Principal ;
16) |
| الموضوعات: | |
| الوسوم: |
لا توجد وسوم, كن أول من يضع وسما على هذه التسجيلة!
|
MARC
| LEADER | 00000nam^a2200000^a^4500 | ||
|---|---|---|---|
| 001 | 000432104 | ||
| 005 | 20250521000000.0 | ||
| 009 | 20260310123005.81 | ||
| 020 | |a 978-84-16167-83-8 | ||
| 037 | |a Acervo ITESO - Biblioteca | ||
| 041 | |a ESP | ||
| 082 | |a 302. 2350942 |b CAI | ||
| 100 | |a Caine, Michael |e (autor) | ||
| 245 | 1 | 3 | |a La gran vida / |c M. Caine ; tr. por Alberto García Marcos. |
| 264 | 4 | |a Logroño, España : |b Fulgencio Pimentel, |c 2019, c2019 | |
| 300 | |a 427 p. | ||
| 336 | |a texto |b txt |2 rdacontenido | ||
| 337 | |a sin mediación |b n |2 rdamedio | ||
| 338 | |a volumen |b nc |2 rdasoporte | ||
| 440 | 4 | |a (La Principal ; |v 16) | |
| 500 | |a Traducción de: The Elephant to Hollywood | ||
| 649 | |a XX | ||
| 650 | |a Actores Ingleses - |x Memorias | ||
| 650 | |a Cine Inglés - |x Historia y Crítica | ||
| 650 | |a Cine Inglés - |y Siglo XX | ||
| 650 | |a Cine Inglés - |y Siglo XXI | ||
| 650 | |a Cine Norteamericano - |x Historia y Crítica | ||
| 650 | |a Cine Norteamericano - |y Siglo XX | ||
| 650 | |a Cine Norteamericano - |y Siglo XXI | ||
| 650 | |a Caine, Michael - |x Tema Principal | ||
| 910 | |a Fondo General | ||
| 920 | |a Impresos - Libros | ||
| 930 | |a Colección General | ||
| 905 | |a 101 | ||
| 901 | |a 0500353976 |b IT1 |c ACC |i C175556 |u 20250521 | ||
| 902 | |a https://opac.biblio.iteso.mx/vufind/Record/000432104 | ||